Las Normas Internacionales de Contabilidad para el sector público (Registro nro. 10329)

Detalles MARC
000 -LEADER
fixed length control field 00397 a2200121 4500
001 - CONTROL NUMBER
control field ART_50956
005 - DATE AND TIME OF LATEST TRANSACTION
control field 20260410161608.0
008 - FIXED-LENGTH DATA ELEMENTS--GENERAL INFORMATION
fixed length control field 260409a
100 1# - MAIN ENTRY--PERSONAL NAME
Personal name Faccendini, Yanina C.
245 10 - TITLE STATEMENT
Title Las Normas Internacionales de Contabilidad para el sector público
700 1# - ADDED ENTRY--PERSONAL NAME
Personal name Oubiña, Gabriel H.
773 0# - HOST ITEM ENTRY
Title Profesional & Empresaria
Related parts - Año XXI, N° 251 (ago. 2020)
Record control number REV70

No hay ítems disponibles.